LEADER 01291nam a2200313 a 4500 001 000000132919 003 CaOOAMICUS 005 20130220121337.0 008 130220s2013 it u000 u ita r 020 $a978-88-10-22165-5 040 $aPUL$bita 082 04$a223 100 1 $aLavatori, Renzo.$0(OLS)http://pul/name/9493 245 12$aL'amai più della luce :$blettura di Sapienza 7-9 /$cRenzo Lavatori, Luciano Sole. 260 $aBologna :$bEDB,$c©2013. 300 $a180 p. ;$c21 cm. 490 1 $aCollana biblica 504 $aBibliografia: p. [175]-177. 630 04$aBiblia.$pV.T.$pSapientia$xCritica, interpretazione, ecc.$0(OLS)http://pul/subject/15949 700 1 $aSole, Luciano.$0(OLS)http://pul/name/85659 830 0$aCollana biblica (Edizioni Dehoniane).$0(OLS)http://pul/title/43126 850 $aPUL 852 $aPUL$W1$xSL Religione 3$y85$m223 LAVRE 1$j152848$qDDC 21$B152302$CPULBib$Z2$F152302 $H121715 $82 941 1 $a9 996 $6020$a978-88-10-22165-5$9(OLS)http://pul/number/151924 996 $6082$a223$9(OLS)http://pul/classification/504 996 $6245$aL'amai più della luce :$blettura di Sapienza 7-9$9(OLS)http://pul/title/167929 996 $6260$aBologna :$bEDB$9(OLS)http://pul/publisher/56073 LEADER 01326nam a2200301 a 4500 001 000000137470 003 CaOOAMICUS 005 20140225104335.0 008 140225s2004 gw af u000 u fre r 020 $z3-825-7456-7* 040 $aPUL$bita 082 04$a270.3 100 1 $aBarret, Sébastien.$0(OLS)http://pul/name/88597 245 13$aLa mémoire et l'écrit :$bl'Abbaye de Cluny et ses archives (Xe - XVIIIe siècle) /$cSebastian Barret. 260 $aMünster :$bLIT,$c©2004. 300 $a458 p., [5] c. di tav. :$bill. ;$c24 cm 490 1 $aVita regularis. Abhandlungen ;$v19 504 $aBibliografia in nota. 650 4$aCluny (abbazia benedettina)$xStoria$ySec. X-XVIII.$0(OLS)http://pul/subject/37212 830 0$aVita regularis.$pAbhandlungen ;$v19.$0(OLS)http://pul/title/174050 850 $aPUL 852 $aPUL$W1$xSL Religione 3$y85$m270. 3 COLL 1.1.19$j158475$qDDC 21$B157992$CPULBib$Z2$F157992 $H123512 $82 941 1 $a9 996 $6020$z3-825-7456-7*$9(OLS)http://pul/number/154578 996 $6082$a270.3$9(OLS)http://pul/classification/2546 996 $6245$aLa mémoire et l'écrit :$bl'Abbaye de Cluny et ses archives (Xe - XVIIIe siècle)$9(OLS)http://pul/title/174042 996 $6260$aMünster :$bLIT$9(OLS)http://pul/publisher/72107